000 00765nam a2200217Ia 4500
005 20241129105922.0
008 241129s9999||||xx |||||||||||||| ||und||
020 _a978-81-7975-874-8
037 _aTB
040 _aARTS
_bhin
_cARTS
041 _ahin
_2hin
084 _aO152:g Q9
_qARTS
100 _aयादव, चौथीराम, ले.
245 0 _aआधुनिकता का लोकपक्ष और साहित्य
_cयादव, चौथीराम, ले.
260 _aनई दिल्ली, भारत
_bअनामिका पब्लिशर्स
_c2019
300 _a200पृ0
365 _aINR
_b495
650 _aHindi Literature
_923866
942 _cTB
_hO152:g Q9
999 _c1226578
_d1226578